书目信息 |
| 题名: |
从家长制到自由放任
|
|
| 作者: | 石毅 著 | |
| 分册: | ||
| 出版信息: | 北京 中国社会科学出版社 2007 |
|
| 页数: | 277页 | |
| 开本: | 21cm | |
| 丛书名: | ||
| 单 册: | ||
| 中图分类: | D771.262 | |
| 科图分类: | ||
| 主题词: | 种族主义--研究--美国 , 种族主义 | |
| 电子资源: | ||
| ISBN: | 978-7-5004-6478-5 | |
| 000 | 00910nam0 2200253 450 | |
| 001 | 1234833735 | |
| 005 | 20121005094109.04 | |
| 010 | @a978-7-5004-6478-5@dCNY22.00 | |
| 100 | @a20080401d2007 em y0chiy50 ea | |
| 101 | 0 | @achi |
| 102 | @aCN@b110000 | |
| 105 | @aaaaaz 000yy | |
| 200 | 1 | @a从家长制到自由放任@Acong jia zhang zhi dao zi you fang ren@e美国政府种族政策研究@f石毅著 |
| 210 | @a北京@c中国社会科学出版社@d2007 | |
| 215 | @a277页@c图@d21cm | |
| 300 | @a本书获外交学院李嘉诚学术基金资助 | |
| 330 | @a本书共分为五章,包括种族与种族主义、家长制种族主义(1660-1877)、制度化种族主义(1896-1980)、自由放任式种族主义(1980年至今)。 | |
| 517 | 1 | @a美国政府种族政策研究@Amei guo zheng fu zhong zu zheng ce yan jiu |
| 606 | 0 | @a种族主义@x研究@y美国 |
| 606 | 0 | @a种族主义 |
| 690 | @aD771.262@v4 | |
| 701 | 0 | @a石毅@Ashi yi@f(1975~)@4著 |
| 801 | 0 | @aCN@bNLC@c20101222 |
| 905 | @a10447@dD771.262@eJY59 | |
| 从家长制到自由放任:美国政府种族政策研究/石毅著.-北京:中国社会科学出版社,2007 |
| 277页:图;21cm |
| 本书获外交学院李嘉诚学术基金资助 |
| ISBN 978-7-5004-6478-5:CNY22.00 |
| 本书共分为五章,包括种族与种族主义、家长制种族主义(1660-1877)、制度化种族主义(1896-1980)、自由放任式种族主义(1980年至今)。 |
| ● |
| 相关链接 |
|
|
|
|
正题名:从家长制到自由放任
索取号:D771.262/JY59
 
预约/预借
| 序号 | 登录号 | 条形码 | 馆藏地/架位号 | 状态 | 备注 |
| 1 | 7812518 | 278125182 | 学院路分馆/ [索取号:D771.262/JY59] | 在馆 | |
| 2 | 7812519 | 278125191 | 学院路分馆/ [索取号:D771.262/JY59] | 在馆 | |
| 3 | 7812520 | 278125208 | 学院路分馆/ [索取号:D771.262/JY59] | 在馆 |